Yüklüyor......
Immunology
| Yazar: | |
|---|---|
| Materyal Türü: | Printed Book |
| Dil: | English |
| Baskı/Yayın Bilgisi: |
Philadelphia
Mosby Elsevier
2006
|
| Edisyon: | 7th ed. |
| Konular: |
| LEADER | 00647nam a2200253 a 4500 | ||
|---|---|---|---|
| 001 | adlib96000001 | ||
| 003 | ViArRB | ||
| 005 | 20151026132228.0 | ||
| 008 | 960221s1955 dcuabcdjdbkoqu001 0deng d | ||
| 020 | |a 0-8089-2332-3 | ||
| 022 | |||
| 040 | |a Adlib | ||
| 082 | |a 612.017 | ||
| 245 | |a Immunology | ||
| 250 | |a 7th ed. | ||
| 260 | |a Philadelphia |b Mosby Elsevier |c 2006 | ||
| 300 | |a x,552p. | ||
| 500 | |a | ||
| 100 | |a Male, David | ||
| 700 | |||
| 942 | |c BK |6 _ | ||
| 653 | |a Immunology | ||
| 999 | |c 44264 |d 44264 | ||
| 952 | |0 0 |1 0 |4 0 |6 612017_MAL |7 0 |9 56488 |a UL |b UL |d 2010-06-16 |l 14 |m 1 |o 612.017 MAL |p 00057108 |r 2015-09-14 |s 2015-08-31 |w 2010-06-16 |y BK | ||